000 00322nam a2200133Ia 4500
005 20251222155154.0
008 251222s9999||||xx |||||||||||||| ||spa||
082 _aEMI.20
100 _aFERNANDEZ Patricia.
245 0 _aProblemas de Salud Infantil
250 _a1ra. ed.
264 _bUniv.Católica de CH
942 _cLIB
999 _c39666
_d39666